000 00302nam a22001217a 4500
008 170613b xxu||||| |||| 00| 0 eng d
041 _aeng
080 _a94
100 _a17
101 _aSHH
245 _aGROUND RULES: SOVIET AND AMERICAN INVOLVEMENT IN REGIONAL CONFLICTS
_cGOWA,J
942 _2udc
_cBK
999 _c17187
_d17187